| 000 | 00651nam a2200217Ia 4500 | ||
|---|---|---|---|
| 003 | OSt | ||
| 005 | 20251217123303.0 | ||
| 008 | 220917b |||||||| |||| 00| 0 eng d | ||
| 037 | _cTB | ||
| 040 |
_aARTS _cARTS _beng |
||
| 041 |
_2eng _aeng |
||
| 084 |
_aQ23:417x5,1 N6 _qAL |
||
| 100 |
_aPseud, Usha _949134 |
||
| 245 | 0 | _aTrue history and time of Manikkavawsaghar from his own works | |
| 260 |
_aDelhi, India: _bThiruththondu Veliyeedu, _c1995. |
||
| 300 |
_a189p _ccm. |
||
| 650 |
_aRELIGION _9857335 |
||
| 700 |
_a Sivapriya _949135 |
||
| 942 |
_hQ23:417x5:g 111N6-;1 _cTB _2CC _n0 |
||
| 999 |
_c151825 _d151825 |
||